[Event "Wch U08"]
[Site "Batumi"]
[Date "2022.09.27"]
[Round "11"]
[White "Wojtun, Maksymilian"]
[Black "Jani, Aakash"]
[Result "0-1"]
[WhiteElo "1138"]
[BlackElo "1249"]
[PlyCount "51"]
[EventDate "2022.09.16"]
[EventType "swiss"]
[EventRounds "11"]
[EventCountry "GEO"]
[SourceTitle "EXT 2023"]
[Source "ChessBase"]
[SourceDate "2022.10.05"]
[SourceVersion "1"]
[SourceVersionDate "2022.10.05"]
[SourceQuality "1"]

1. e4 e5 2. Nf3 Nc6 3. Bc4 Bc5 4. Nc3 Nf6 5. d3 0-0 6. h3 h6 7. 0-0 d6 8. Be3 Bb6 9. Nd2 Nd4 10. Ne2 Nxe2+ 11. Qxe2 c6 12. Kh1 d5 13. exd5 cxd5 14. Bxb6 Qxb6 15. Bb3 Re8 16. Rad1 Bd7 17. Qf3 Bc6 18. Qg3 Nh5 19. Qh4 Nf4 20. Nf3 d4 21. Rg1 Bxf3 22. gxf3 Qc6 23. Qg4 g6 24. Rde1 a5 25. a4 Rad8 26. h4 0-1